000 00396nam a2200181Ia 4500
005 20240823011443.0
008 240823s9999||||xx |||||||||||||| ||und||
041 _aENGLISH
082 _A650
100 _a"Tobias,Andrew"
245 0 _aManaging Your Money
250 _a1st
260 _b#VALUE!
500 _aYES
650 _aMoney
_bManagement Studies
942 _cBK
999 _c161581
_d161581